[Event "Prague op-A 15th"]
[Site "Prague"]
[Date "2016.01.10"]
[Round "4"]
[White "Frolov, Artur"]
[Black "Stoynov, Ivan"]
[Result "1-0"]
[WhiteElo "2499"]
[BlackElo "2284"]
[PlyCount "85"]
[EventDate "2016.01.08"]
[EventType "swiss"]
[EventRounds "9"]
[EventCountry "CZE"]
[SourceTitle "CBM 170 Extra"]
[Source "ChessBase"]
[SourceDate "2016.02.25"]
[SourceVersion "1"]
[SourceVersionDate "2016.02.25"]
[SourceQuality "1"]

1. e4 c5 2. Nf3 Nc6 3. d4 cxd4 4. Nxd4 Nf6 5. Nc3 d6 6. Bc4 Bd7 7. 0-0 g6 8. Nb3 Bg7 9. f4 0-0 10. Kh1 a6 11. Bd3 a5 12. a4 Nb4 13. Be3 Nxd3 14. cxd3 Bc6 15. Nd4 Qd7 16. f5 e6 17. Qd2 exf5 18. exf5 Ng4 19. Bg1 Rae8 20. Qg5 Nf6 21. Nxc6 Qxc6 22. fxg6 fxg6 23. Qxa5 Re5 24. Qb6 Qd7 25. h3 Rfe8 26. Bd4 Rf5 27. Rxf5 gxf5 28. Qb5 Qc8 29. a5 Nh5 30. Qd5+ Qe6 31. Bxg7 Qxd5 32. Nxd5 Kxg7 33. b4 Re5 34. b5 Nf6 35. Nxf6 Kxf6 36. a6 bxa6 37. bxa6 Re8 38. a7 Ra8 39. Ra5 d5 40. d4 f4 41. Kg1 Kf5 42. Rxd5+ Ke4 43. Ra5 1-0

[Event "BUL-chT2"]
[Site "Sunny Beach"]
[Date "2009.06.10"]
[Round "3.4"]
[White "Stoynov, Ivan"]
[Black "Rusev, Rosen Yordanov"]
[Result "1/2-1/2"]
[WhiteElo "2300"]
[BlackElo "2077"]
[PlyCount "140"]
[EventDate "2009.06.08"]
[EventType "team-swiss"]
[EventRounds "7"]
[EventCountry "BUL"]
[SourceTitle "CBM 130 Extra"]
[Source "ChessBase"]
[SourceDate "2009.07.02"]
[SourceVersion "2"]
[SourceVersionDate "2009.07.15"]
[SourceQuality "1"]

1. e4 c5 2. Nf3 d6 3. d4 cxd4 4. Nxd4 Nf6 5. Nc3 a6 6. g3 e5 7. Nde2 Be7 8. Bg2 Be6 9. a4 0-0 10. 0-0 Nbd7 11. h3 Rc8 12. a5 b5 13. axb6 Qxb6 14. b3 Rfd8 15. Be3 Qb7 16. Nd5 Nxd5 17. exd5 Bf5 18. Ra2 Rc7 19. g4 Bg6 20. Ng3 Rdc8 21. Ne4 f5 22. gxf5 Bxf5 23. c4 Rb8 24. c5 Bxe4 25. c6 Rxc6 26. dxc6 Bxc6 27. Bxc6 Qxc6 28. Qg4 d5 29. Rc1 Qd6 30. Rac2 Nf6 31. Rc8+ Kf7 32. Qf5 g6 33. Qc2 Rb7 34. Qd1 Qe6 35. Bg5 Ne4 36. Bxe7 Rxe7 37. R1c6 Qf5 38. Qxd5+ Kg7 39. Qg8+ Kh6 40. Qf8+ Qxf8 41. Rxf8 Rb7 42. Rxa6 Rxb3 43. Kg2 Kg5 44. Ra4 Nd6 45. Rh8 h5 46. h4+ Kf5 47. Rf8+ Ke6 48. Ra6 Rd3 49. Rb6 Rd4 50. Kh3 Ke7 51. Rh8 Rd3+ 52. Kg2 Rd4 53. Rh7+ Ke6 54. Rh6 Kf5 55. Rh8 Ke6 56. Kg3 Rd3+ 57. Kg2 Rd4 58. Rd8 Ke7 59. Rg8 Kf7 60. Rbb8 Rg4+ 61. Kh3 Nf5 62. Rbf8+ Ke7 63. Re8+ Kf7 64. Rgf8+ Kg7 65. Rxf5 gxf5 66. Rxe5 Kf6 67. Re8 Kg7 68. f3 Ra4 69. Kg3 Rb4 70. Re6 Ra4 1/2-1/2

[Event "BUL-chT2"]
[Site "Sunny Beach"]
[Date "2009.06.09"]
[Round "2.2"]
[White "Krastanov, Georgi"]
[Black "Stoynov, Ivan"]
[Result "1/2-1/2"]
[WhiteElo "2238"]
[BlackElo "2300"]
[PlyCount "116"]
[EventDate "2009.06.08"]
[EventType "team-swiss"]
[EventRounds "7"]
[EventCountry "BUL"]
[SourceTitle "CBM 130 Extra"]
[Source "ChessBase"]
[SourceDate "2009.07.02"]
[SourceVersion "2"]
[SourceVersionDate "2009.07.15"]
[SourceQuality "1"]

1. Nf3 c5 2. b3 Nc6 3. Bb2 Nf6 4. e3 d6 5. d4 e6 6. a3 Be7 7. Be2 0-0 8. 0-0 b6 9. c4 cxd4 10. exd4 d5 11. Nbd2 Bb7 12. Bd3 Rc8 13. Rc1 g6 14. Re1 Re8 15. c5 a5 16. Bb5 Nd7 17. b4 axb4 18. axb4 bxc5 19. bxc5 Ra8 20. Ra1 Qc7 21. Qe2 Bf6 22. Nb3 Bg7 23. Qd2 Nf6 24. Ne5 Reb8 25. f3 Nd7 26. Nxd7 Qxd7 27. Na5 Qc7 28. Nxc6 Bxc6 29. Bxc6 Qxc6 30. f4 h5 31. Bc3 Bf6 32. Reb1 Rxa1 33. Rxa1 Rb3 34. g3 Qb5 35. Rd1 Qc4 36. Ba1 Ra3 37. Bb2 Ra2 38. Qc3 Qe2 39. Rd2 Qe1+ 40. Kg2 Ra4 41. Rd3 Qe4+ 42. Kh3 h4 43. c6 Bd8 44. Re3 Qf5+ 45. Kg2 h3+ 46. Kf2 Rc4 47. Qb3 Kg7 48. Rc3 Rxd4 49. Rd3 e5 50. Bxd4 exd4 51. Qd1 Qe6 52. Qe2 Qxc6 53. Rd2 d3 54. Rxd3 Bb6+ 55. Kf3 d4+ 56. Qe4 Qc2 57. Qe2 Qc6+ 58. Qe4 Qc2 1/2-1/2

[Event "Bankia op"]
[Site "Bankia"]
[Date "1992.??.??"]
[Round "5"]
[White "Georgieva, Emilia"]
[Black "Stoynov, Ivan"]
[Result "1-0"]
[WhiteElo "2085"]
[BlackElo "2305"]
[PlyCount "133"]
[EventDate "1992.??.??"]
[EventType "swiss"]
[EventRounds "9"]
[EventCountry "BUL"]
[SourceTitle "EXT 1998"]
[Source "ChessBase"]
[SourceDate "1997.11.17"]
[SourceVersion "1"]
[SourceVersionDate "1997.11.17"]
[SourceQuality "1"]

1. d4 Nf6 2. Nf3 d6 3. c4 c6 4. Nc3 Nbd7 5. e4 e5 6. d5 Nc5 7. Qc2 a5 8. b3 Be7 9. Be3 Na6 10. a3 0-0 11. h3 Qc7 12. Bd3 Nc5 13. g4 Bd7 14. Ke2 cxd5 15. Nxd5 Nxd5 16. cxd5 Rfc8 17. Bxc5 dxc5 18. Qb2 Bd6 19. a4 Be8 20. Rhc1 Qe7 21. Qd2 h6 22. Bc4 b6 23. Qd3 g6 24. Rg1 Bd7 25. Rg2 Kg7 26. Rgg1 Rh8 27. Rg2 h5 28. gxh5 Rxh5 29. h4 Rah8 30. Rag1 Kf8 31. Bb5 Bc8 32. Ba6 Bd7 33. Bb5 Bh3 34. Rg3 Bc8 35. Ba6 Bd7 36. Bb5 Bxb5 37. Qxb5 Qc7 38. Kd3 Be7 39. Ng5 Rxh4 40. Nxf7 Kxf7 41. Rxg6 Bf6 42. Qc4 Qd6 43. Qa6 Rd8 44. Qb7+ Rd7 45. Qc8 Rh8 46. Rxf6+ Qxf6 47. Qxd7+ Kf8 48. Qc8+ Kf7 49. Qe6+ Qxe6 50. dxe6+ Kf6 51. Kc4 Rd8 52. Kb5 Rd4 53. Kxb6 Rxe4 54. Kxc5 Rb4 55. Rg3 Kxe6 56. Re3 Kf5 57. Kd5 Rd4+ 58. Kc5 Rb4 59. Rh3 e4 60. Re3 Kg4 61. Kd6 Kf5 62. Kd5 Kf4 63. Rg3 Rb8 64. Rh3 Rb4 65. Rc3 Rb8 66. Rg3 Rb7 67. Kc6 1-0

[Event "Bankia op"]
[Site "Bankia"]
[Date "1992.??.??"]
[Round "3"]
[White "Ivanov, Dimitar"]
[Black "Stoynov, Ivan"]
[Result "0-1"]
[WhiteElo "2235"]
[BlackElo "2305"]
[PlyCount "51"]
[EventDate "1992.??.??"]
[EventType "swiss"]
[EventRounds "9"]
[EventCountry "BUL"]
[SourceTitle "EXT 1998"]
[Source "ChessBase"]
[SourceDate "1997.11.17"]
[SourceVersion "1"]
[SourceVersionDate "1997.11.17"]
[SourceQuality "1"]

1. d4 d6 2. Nf3 g6 3. g3 Bg7 4. Bg2 Nf6 5. 0-0 0-0 6. b3 Nc6 7. Bb2 e5 8. c4 e4 9. Ne1 Qe7 10. Nc2 Ng4 11. h3 Nh6 12. Nc3 f5 13. Nd5 Qf7 14. f3 exf3 15. exf3 f4 16. Nxf4 Nf5 17. Ne2 Re8 18. Rf2 Rxe2 19. Qxe2 Nxg3 20. Qd2 Qf6 21. Rd1 Qh4 22. Kh2 Bh6 23. f4 Bxh3 24. Bxh3 Ne4 25. Qe2 Nxf2 26. Qe6+ 0-1

[Event "Bankia op"]
[Site "Bankia"]
[Date "1992.??.??"]
[Round "6"]
[White "Stoynov, Ivan"]
[Black "Manolov, Ivan"]
[Result "1/2-1/2"]
[WhiteElo "2305"]
[BlackElo "2390"]
[PlyCount "43"]
[EventDate "1992.??.??"]
[EventType "swiss"]
[EventRounds "9"]
[EventCountry "BUL"]
[SourceTitle "EXT 1998"]
[Source "ChessBase"]
[SourceDate "1997.11.17"]
[SourceVersion "1"]
[SourceVersionDate "1997.11.17"]
[SourceQuality "1"]

1. e4 c5 2. Nf3 d6 3. d4 cxd4 4. Nxd4 Nf6 5. Nc3 a6 6. g3 e5 7. Nde2 Nbd7 8. Bg2 Be7 9. 0-0 b5 10. a4 b4 11. Nd5 Nxd5 12. exd5 a5 13. Be3 Ba6 14. Re1 0-0 15. Qd2 Rc8 16. Rac1 f5 17. f4 Bf6 18. fxe5 dxe5 19. Kh1 Kh8 20. c3 Nb6 21. cxb4 Nc4 22. Rxc4 1/2-1/2

[Event "Primorsko op"]
[Site "Primorsko"]
[Date "1989.??.??"]
[Round "?"]
[White "Stoynov, Ivan"]
[Black "Birjukov, Sergey"]
[Result "1-0"]
[WhiteElo "2310"]
[BlackElo "2300"]
[PlyCount "53"]
[EventDate "1989.??.??"]
[EventType "swiss"]
[EventRounds "11"]
[EventCountry "BUL"]
[SourceTitle "EXT 1998"]
[Source "ChessBase"]
[SourceDate "1997.11.17"]
[SourceVersion "1"]
[SourceVersionDate "1997.11.17"]
[SourceQuality "1"]

1. e4 e6 2. d4 d5 3. Nc3 Nf6 4. e5 Ne4 5. Nxe4 dxe4 6. Be3 c5 7. dxc5 Nd7 8. Qd2 Nxc5 9. Qxd8+ Kxd8 10. 0-0-0+ Kc7 11. Nh3 h6 12. Bb5 a6 13. Be8 f6 14. Nf4 Be7 15. Bh5 b6 16. Ng6 Re8 17. Rhe1 f5 18. f3 Bg5 19. f4 Be7 20. Be2 Bb7 21. Bc4 Rad8 22. Nxe7 Rxd1+ 23. Rxd1 Rxe7 24. b4 Na4 25. Rd6 Bd5 26. Bxa6 Bxa2 27. Bb5 1-0